000 00578nam a22001337a 4500
040 _cRUA
082 _aAGR SET 2000 B022 Or.1
100 _aSETH, SOPHEAP.
245 _aការវាយតំលៃលើដំណាំចំការក្នុងលក្ខខ័ណ្ឌដីទំនាបរំពឹងទឹកភ្លៀង (evaluation of upland crops under rainfed lowland condition)
260 _aPhnom Penh
_bRUA
_c2000
300 _a56p.
_bill.
_c29cm.
856 _uhttps://drive.google.com/file/d/15X1oLCw1nUY1Pya0RwU-xGdi7OpQ3ceA/view?usp=sharing
942 _cAGR
999 _c426
_d426